| 000 | 00459cam a2200169ua 4500 | ||
|---|---|---|---|
| 020 | _c18.00 | ||
| 041 |
_aeng _h |
||
| 082 |
_a691 _bNAI/EN |
||
| 100 | _aNaidu, D.S . | ||
| 245 |
_aEngineering materials and their testing, Part 2 non-ferrous metals and their allerys / _cD.S.Naidu. _hTextual Documents |
||
| 260 |
_a : _bAsia Publishing House , _c1966. |
||
| 300 | _a275 ; . | ||
| 365 | _a18.00 | ||
| 504 | _a | ||
| 942 | _cBK | ||
| 999 |
_c1822 _d1822 |
||